[Event "European Chess Club Cup 2023"]
[Site "Durres, Albania"]
[Date "2023.10.07"]
[Round "7.41"]
[White "Kenneskog, Theodor"]
[Black "Postny, Evgeny"]
[Result "0-1"]
[TimeControl "90' + 30' & 30\""]
[WhiteElo "2335"]
[BlackElo "2568"]

1. e4 {[%clk 01:30:55]} {[%emt 00:00:05]} c6 {[%clk 01:30:54]} {[%emt
00:00:07]} 2. d4 {[%clk 01:31:20]} {[%emt 00:00:04]} d5 {[%clk 01:31:21]}
{[%emt 00:00:04]} 3. e5 {[%clk 01:31:45]} {[%emt 00:00:05]} Bf5 {[%clk
01:31:45]} {[%emt 00:00:05]} 4. Nf3 {[%clk 01:32:04]} {[%emt 00:00:11]} e6
{[%clk 01:31:56]} {[%emt 00:00:20]} 5. Be2 {[%clk 01:32:27]} {[%emt 00:00:06]}
Nd7 {[%clk 01:30:59]} {[%emt 00:01:27]} 6. O-O {[%clk 01:32:50]} {[%emt
00:00:07]} a6 {[%clk 01:31:25]} {[%emt 00:00:04]} 7. Nbd2 {[%clk 01:33:01]}
{[%emt 00:00:19]} Ne7 {[%clk 01:29:01]} {[%emt 00:02:54]} 8. Nb3 {[%clk
01:24:37]} {[%emt 00:08:55]} Bg6 {[%clk 01:27:40]} {[%emt 00:01:51]} 9. a4
{[%clk 01:11:26]} {[%emt 00:13:40]} Nf5 {[%clk 01:23:30]} {[%emt 00:04:40]} 10.
Bd2 {[%clk 00:50:02]} {[%emt 00:21:54]} c5 {[%clk 01:09:29]} {[%emt 00:14:32]}
11. dxc5 {[%clk 00:44:03]} {[%emt 00:06:28]} Nxc5 {[%clk 01:01:53]} {[%emt
00:08:07]} 12. Nxc5 {[%clk 00:39:20]} {[%emt 00:05:13]} Bxc5 {[%clk 01:02:16]}
{[%emt 00:00:05]} 13. b4 {[%clk 00:39:40]} {[%emt 00:00:11]} Ba7 {[%clk
00:55:46]} {[%emt 00:07:00]} 14. c4 {[%clk 00:31:09]} {[%emt 00:09:02]} dxc4
{[%clk 00:52:22]} {[%emt 00:03:54]} 15. Bxc4 {[%clk 00:30:36]} {[%emt
00:01:03]} O-O {[%clk 00:52:17]} {[%emt 00:00:35]} 16. Bg5 {[%clk 00:23:54]}
{[%emt 00:07:12]} Qxd1 {[%clk 00:50:17]} {[%emt 00:02:30]} 17. Rfxd1 {[%clk
00:23:49]} {[%emt 00:00:34]} h6 {[%clk 00:49:37]} {[%emt 00:01:10]} 18. Bf4
{[%clk 00:22:23]} {[%emt 00:01:56]} Rfd8 {[%clk 00:47:32]} {[%emt 00:02:35]} 19.
Be2 {[%clk 00:19:49]} {[%emt 00:03:04]} Ne7 {[%clk 00:45:35]} {[%emt 00:02:27]}
20. b5 {[%clk 00:15:56]} {[%emt 00:04:23]} Rxd1+ {[%clk 00:34:36]} {[%emt
00:11:30]} 21. Rxd1 {[%clk 00:15:03]} {[%emt 00:01:22]} Nd5 {[%clk 00:33:47]}
{[%emt 00:01:18]} 22. Bd2 {[%clk 00:14:55]} {[%emt 00:00:40]} axb5 {[%clk
00:32:01]} {[%emt 00:02:16]} 23. axb5 {[%clk 00:11:28]} {[%emt 00:03:57]} Bc5
{[%clk 00:24:10]} {[%emt 00:08:20]} 24. Rc1 {[%clk 00:11:42]} {[%emt 00:00:16]}
b6 {[%clk 00:24:07]} {[%emt 00:00:34]} 25. Bc4 {[%clk 00:12:02]} {[%emt
00:00:10]} Ra4 {[%clk 00:19:44]} {[%emt 00:04:53]} 26. Bb3 {[%clk 00:02:47]}
{[%emt 00:09:44]} Ra3 {[%clk 00:19:43]} {[%emt 00:00:31]} 27. Bd1 {[%clk
00:02:36]} {[%emt 00:00:41]} Bd3 {[%clk 00:19:34]} {[%emt 00:00:38]} 28. Ne1
{[%clk 00:02:00]} {[%emt 00:01:07]} Bxb5 {[%clk 00:19:50]} {[%emt 00:00:15]} 29.
Bc2 {[%clk 00:01:36]} {[%emt 00:00:54]} Ra2 {[%clk 00:18:11]} {[%emt 00:02:08]}
30. h3 {[%clk 00:00:54]} {[%emt 00:01:12]} Kf8 {[%clk 00:16:46]} {[%emt
00:01:56]} 31. g3 {[%clk 00:00:41]} {[%emt 00:00:43]} Bc4 {[%clk 00:13:54]}
{[%emt 00:03:22]} 32. Rb1 {[%clk 00:00:31]} {[%emt 00:00:40]} b5 {[%clk
00:13:54]} {[%emt 00:00:29]} 0-1

[Event "European Chess Club Cup 2023"]
[Site "Durres, Albania"]
[Date "2023.10.07"]
[Round "7.42"]
[White "Huzman, Alexander"]
[Black "Bator, Robert"]
[Result "1-0"]
[TimeControl "90' + 30' & 30\""]
[WhiteElo "2526"]
[BlackElo "2342"]

1. Nf3 {[%clk 01:30:55]} {[%emt 00:00:04]} d5 {[%clk 01:30:37]} {[%emt
00:00:23]} 2. g3 {[%clk 01:31:20]} {[%emt 00:00:05]} Nf6 {[%clk 01:26:59]}
{[%emt 00:04:18]} 3. Bg2 {[%clk 01:30:42]} {[%emt 00:00:58]} e6 {[%clk
01:27:14]} {[%emt 00:00:16]} 4. O-O {[%clk 01:30:34]} {[%emt 00:00:38]} Be7
{[%clk 01:27:20]} {[%emt 00:00:24]} 5. d4 {[%clk 01:28:55]} {[%emt 00:02:09]}
O-O {[%clk 01:27:28]} {[%emt 00:00:22]} 6. c4 {[%clk 01:28:57]} {[%emt
00:00:27]} dxc4 {[%clk 01:27:07]} {[%emt 00:00:51]} 7. Qa4 {[%clk 01:27:31]}
{[%emt 00:01:55]} a6 {[%clk 01:18:59]} {[%emt 00:08:39]} 8. Qxc4 {[%clk
01:27:23]} {[%emt 00:00:39]} b5 {[%clk 01:19:12]} {[%emt 00:00:17]} 9. Qc2
{[%clk 01:27:38]} {[%emt 00:00:14]} Bb7 {[%clk 01:19:28]} {[%emt 00:00:15]} 10.
Bf4 {[%clk 01:26:11]} {[%emt 00:01:57]} Nc6 {[%clk 01:13:32]} {[%emt 00:06:25]}
11. Nc3 {[%clk 01:16:04]} {[%emt 00:10:38]} Nb4 {[%clk 01:04:31]} {[%emt
00:09:30]} 12. Qb3 {[%clk 01:07:31]} {[%emt 00:09:03]} c5 {[%clk 00:57:55]}
{[%emt 00:07:07]} 13. dxc5 {[%clk 01:07:18]} {[%emt 00:00:43]} Bxc5 {[%clk
00:58:15]} {[%emt 00:00:10]} 14. Bg5 {[%clk 01:07:26]} {[%emt 00:00:23]} Nbd5
{[%clk 00:44:54]} {[%emt 00:13:50]} 15. Ne4 {[%clk 00:55:01]} {[%emt 00:12:55]}
Be7 {[%clk 00:44:44]} {[%emt 00:00:40]} 16. Nxf6+ {[%clk 00:55:15]} {[%emt
00:00:16]} Bxf6 {[%clk 00:44:05]} {[%emt 00:01:09]} 17. Bxf6 {[%clk 00:55:38]}
{[%emt 00:00:07]} Nxf6 {[%clk 00:42:18]} {[%emt 00:02:16]} 18. Qe3 {[%clk
00:52:46]} {[%emt 00:03:23]} Qe7 {[%clk 00:39:18]} {[%emt 00:03:29]} 19. Rac1
{[%clk 00:49:55]} {[%emt 00:03:21]} Bd5 {[%clk 00:34:15]} {[%emt 00:05:34]} 20.
Ne5 {[%clk 00:48:53]} {[%emt 00:01:32]} Qb7 {[%clk 00:32:19]} {[%emt 00:02:26]}
21. Bxd5 {[%clk 00:48:03]} {[%emt 00:01:20]} Nxd5 {[%clk 00:32:29]} {[%emt
00:00:20]} 22. Qd4 {[%clk 00:46:44]} {[%emt 00:01:49]} Rfc8 {[%clk 00:29:10]}
{[%emt 00:03:49]} 23. Rfd1 {[%clk 00:43:49]} {[%emt 00:03:24]} h6 {[%clk
00:27:16]} {[%emt 00:02:24]} 24. Nd3 {[%clk 00:40:52]} {[%emt 00:03:27]} Rd8
{[%emt 00:02:42]} 25. Rc5 {[%clk 00:34:12]} {[%emt 00:07:08]} Nb6 {[%clk
00:21:14]} {[%emt 00:04:23]} 26. Qf4 {[%clk 00:33:54]} {[%emt 00:00:47]} Nd5
{[%clk 00:20:09]} {[%emt 00:01:36]} 27. Qe4 {[%clk 00:27:51]} {[%emt 00:06:32]}
Qe7 {[%clk 00:17:10]} {[%emt 00:03:29]} 28. Rdc1 {[%clk 00:27:36]} {[%emt
00:00:45]} Nf6 {[%clk 00:15:07]} {[%emt 00:02:34]} 29. Qf3 {[%clk 00:26:40]}
{[%emt 00:01:24]} Qe8 {[%clk 00:10:35]} {[%emt 00:05:03]} 30. Qc6 {[%clk
00:22:10]} {[%emt 00:05:01]} Nd7 {[%clk 00:09:21]} {[%emt 00:01:44]} 31. R5c2
{[%clk 00:22:20]} {[%emt 00:00:20]} Qe7 {[%clk 00:09:26]} {[%emt 00:00:25]} 32.
Qb7 {[%clk 00:21:16]} {[%emt 00:01:33]} Rdb8 {[%clk 00:07:14]} {[%emt
00:02:41]} 33. Rc8+ {[%clk 00:20:52]} {[%emt 00:00:55]} Kh7 {[%clk 00:06:34]}
{[%emt 00:01:11]} 34. Rxb8 {[%clk 00:20:15]} {[%emt 00:01:07]} Rxb8 {[%clk
00:06:56]} {[%emt 00:00:08]} 35. Qxa6 {[%clk 00:18:43]} {[%emt 00:02:01]} Nf6
{[%clk 00:04:31]} {[%emt 00:02:56]} 36. Rc5 {[%clk 00:17:51]} {[%emt 00:01:21]}
b4 {[%clk 00:04:36]} {[%emt 00:00:26]} 37. Rb5 {[%clk 00:16:53]} {[%emt
00:01:28]} Rd8 {[%clk 00:03:52]} {[%emt 00:01:14]} 38. Rxb4 {[%clk 00:16:16]}
{[%emt 00:01:06]} e5 {[%clk 00:04:17]} {[%emt 00:00:06]} 39. Rb7 {[%clk
00:15:30]} {[%emt 00:01:16]} Qe8 {[%clk 00:04:27]} {[%emt 00:00:21]} 40. Qb5
{[%clk 00:15:37]} {[%emt 00:00:22]} Qe6 {[%clk 00:03:41]} {[%emt 00:01:16]} 41.
Qb3 {[%clk 00:05:08]} {[%emt 00:10:58]} Qg4 {[%clk 00:01:56]} {[%emt 00:02:16]}
42. Qxf7 {[%clk 00:03:15]} {[%emt 00:02:23]} Nh5 {[%clk 00:02:01]} {[%emt
00:00:25]} 43. Nxe5 {[%clk 00:26:43]} {[%emt 00:07:01]} Qxe2 {[%clk 00:31:13]}
{[%emt 00:01:18]} 44. Qf5+ {[%clk 00:24:49]} {[%emt 00:02:24]} Kg8 {[%clk
00:31:22]} {[%emt 00:00:21]} 45. Kg2 {[%clk 00:25:00]} {[%emt 00:00:19]} Rf8
{[%clk 00:30:25]} {[%emt 00:01:27]} 46. Rf7 {[%clk 00:24:26]} {[%emt 00:01:04]}
Rd8 {[%clk 00:28:11]} {[%emt 00:02:45]} 47. Ng4 {[%clk 00:23:18]} {[%emt
00:01:38]} Qa6 {[%clk 00:22:59]} {[%emt 00:05:41]} 48. Qxh5 {[%clk 00:22:32]}
{[%emt 00:01:16]} 1-0

[Event "European Chess Club Cup 2023"]
[Site "Durres, Albania"]
[Date "2023.10.07"]
[Round "7.43"]
[White "Salles, Louis"]
[Black "Shirov, Alexei"]
[Result "0-1"]
[TimeControl "90' + 30' & 30\""]
[WhiteElo "2318"]
[BlackElo "2655"]

1. e4 {[%clk 01:30:57]} {[%emt 00:00:02]} e6 {[%clk 01:30:55]} {[%emt
00:00:05]} 2. d4 {[%clk 01:31:16]} {[%emt 00:00:11]} d5 {[%clk 01:31:21]}
{[%emt 00:00:04]} 3. e5 {[%clk 01:31:40]} {[%emt 00:00:06]} c5 {[%clk
01:31:47]} {[%emt 00:00:04]} 4. c3 {[%clk 01:32:06]} {[%emt 00:00:05]} Nc6
{[%clk 01:32:13]} {[%emt 00:00:03]} 5. Nf3 {[%clk 01:32:28]} {[%emt 00:00:08]}
Bd7 {[%clk 01:32:38]} {[%emt 00:00:05]} 6. Be2 {[%clk 01:32:35]} {[%emt
00:00:23]} Nge7 {[%clk 01:33:02]} {[%emt 00:00:05]} 7. O-O {[%clk 01:32:58]}
{[%emt 00:00:07]} Ng6 {[%clk 01:33:28]} {[%emt 00:00:05]} 8. g3 {[%clk
01:31:01]} {[%emt 00:02:26]} Be7 {[%clk 01:33:30]} {[%emt 00:00:28]} 9. h4
{[%clk 01:30:02]} {[%emt 00:01:29]} cxd4 {[%clk 01:33:01]} {[%emt 00:00:59]} 10.
cxd4 {[%clk 01:30:25]} {[%emt 00:00:07]} O-O {[%clk 01:33:27]} {[%emt
00:00:04]} 11. Nc3 {[%clk 01:23:12]} {[%emt 00:07:43]} f6 {[%clk 01:32:41]}
{[%emt 00:01:16]} 12. h5 {[%clk 01:20:59]} {[%emt 00:02:43]} Nh8 {[%clk
01:32:50]} {[%emt 00:00:21]} 13. Bf4 {[%clk 01:10:39]} {[%emt 00:10:50]} Nf7
{[%clk 01:22:27]} {[%emt 00:10:52]} 14. Qd2 {[%clk 01:04:14]} {[%emt 00:06:56]}
fxe5 {[%clk 01:11:50]} {[%emt 00:11:06]} 15. dxe5 {[%clk 01:01:57]} {[%emt
00:02:48]} Rc8 {[%clk 00:56:22]} {[%emt 00:15:56]} 16. Rad1 {[%clk 00:47:11]}
{[%emt 00:15:17]} Na5 {[%clk 00:51:34]} {[%emt 00:05:18]} 17. Bd3 {[%clk
00:45:05]} {[%emt 00:02:36]} Nc4 {[%clk 00:51:25]} {[%emt 00:00:39]} 18. Qc2
{[%clk 00:44:15]} {[%emt 00:01:21]} Ng5 {[%clk 00:43:47]} {[%emt 00:08:07]} 19.
Bxg5 {[%clk 00:26:54]} {[%emt 00:17:52]} Rxf3 {[%clk 00:42:48]} {[%emt
00:01:28]} 20. Bc1 {[%clk 00:19:26]} {[%emt 00:07:58]} Nxe5 {[%clk 00:40:03]}
{[%emt 00:03:14]} 21. Bxh7+ {[%clk 00:19:18]} {[%emt 00:00:39]} Kh8 {[%clk
00:40:26]} {[%emt 00:00:06]} 22. Bf4 {[%clk 00:14:24]} {[%emt 00:05:25]} Rxf4
{[%clk 00:36:54]} {[%emt 00:04:02]} 23. gxf4 {[%clk 00:14:48]} {[%emt
00:00:05]} Nf3+ {[%clk 00:37:22]} {[%emt 00:00:03]} 24. Kg2 {[%clk 00:14:40]}
{[%emt 00:00:38]} Nh4+ {[%clk 00:37:41]} {[%emt 00:00:10]} 25. Kh1 {[%clk
00:04:50]} {[%emt 00:10:20]} d4 {[%clk 00:35:23]} {[%emt 00:02:48]} 26. Be4
{[%clk 00:03:58]} {[%emt 00:01:23]} dxc3 {[%clk 00:35:29]} {[%emt 00:00:24]} 27.
bxc3 {[%clk 00:04:14]} {[%emt 00:00:14]} Qe8 {[%clk 00:33:51]} {[%emt
00:02:08]} 28. Bg6 {[%clk 00:02:43]} {[%emt 00:02:02]} Ba4 {[%clk 00:32:33]}
{[%emt 00:01:47]} 0-1

[Event "European Chess Club Cup 2023"]
[Site "Durres, Albania"]
[Date "2023.10.07"]
[Round "7.44"]
[White "Bauer, Christian"]
[Black "Cahen, Alexis"]
[Result "1-0"]
[TimeControl "90' + 30' & 30\""]
[WhiteElo "2552"]
[BlackElo "2049"]

1. d4 {[%clk 01:30:42]} {[%emt 00:00:17]} Nf6 {[%clk 01:30:25]} {[%emt
00:00:34]} 2. Nf3 {[%clk 01:30:47]} {[%emt 00:00:26]} e6 {[%clk 01:29:28]}
{[%emt 00:01:28]} 3. g3 {[%clk 01:28:06]} {[%emt 00:03:11]} b6 {[%clk
01:27:27]} {[%emt 00:02:30]} 4. Bg2 {[%clk 01:28:21]} {[%emt 00:00:15]} Bb7
{[%clk 01:27:47]} {[%emt 00:00:10]} 5. c4 {[%clk 01:26:57]} {[%emt 00:01:54]}
d5 {[%clk 01:26:39]} {[%emt 00:01:38]} 6. Nc3 {[%clk 01:15:00]} {[%emt
00:12:27]} Nbd7 {[%clk 01:24:10]} {[%emt 00:02:57]} 7. cxd5 {[%clk 01:08:31]}
{[%emt 00:07:01]} Nxd5 {[%clk 01:21:17]} {[%emt 00:03:22]} 8. O-O {[%clk
01:08:33]} {[%emt 00:00:29]} c5 {[%clk 01:13:48]} {[%emt 00:07:58]} 9. Nxd5
{[%clk 01:06:43]} {[%emt 00:02:20]} Bxd5 {[%clk 01:13:05]} {[%emt 00:01:13]} 10.
Re1 {[%clk 01:05:08]} {[%emt 00:02:07]} cxd4 {[%clk 01:01:15]} {[%emt
00:12:20]} 11. Qxd4 {[%clk 01:04:16]} {[%emt 00:01:21]} Nf6 {[%clk 00:52:05]}
{[%emt 00:09:39]} 12. Ne5 {[%clk 00:56:38]} {[%emt 00:08:09]} Bxg2 {[%clk
00:42:29]} {[%emt 00:10:07]} 13. Qa4+ {[%clk 00:56:58]} {[%emt 00:00:09]} Nd7
{[%clk 00:41:16]} {[%emt 00:01:43]} 14. Kxg2 {[%clk 00:57:08]} {[%emt
00:00:20]} f6 {[%clk 00:35:29]} {[%emt 00:06:17]} 15. Nf3 {[%clk 00:56:21]}
{[%emt 00:01:17]} Bd6 {[%clk 00:27:14]} {[%emt 00:08:46]} 16. Rd1 {[%clk
00:51:03]} {[%emt 00:05:47]} Qc7 {[%clk 00:26:25]} {[%emt 00:01:18]} 17. Be3
{[%clk 00:44:22]} {[%emt 00:07:12]} Rd8 {[%clk 00:23:01]} {[%emt 00:03:54]} 18.
Rac1 {[%clk 00:43:43]} {[%emt 00:01:08]} Qb8 {[%clk 00:23:05]} {[%emt
00:00:26]} 19. Rc6 {[%clk 00:38:16]} {[%emt 00:05:57]} b5 {[%clk 00:21:47]}
{[%emt 00:01:48]} 20. Qg4 {[%clk 00:36:20]} {[%emt 00:02:27]} Nb6 {[%clk
00:10:46]} {[%emt 00:11:31]} 21. Bxb6 {[%clk 00:33:05]} {[%emt 00:03:45]} axb6
{[%clk 00:08:08]} {[%emt 00:03:08]} 22. Qxe6+ {[%clk 00:33:28]} {[%emt
00:00:08]} Be7 {[%clk 00:08:33]} {[%emt 00:00:04]} 23. Rdc1 {[%clk 00:32:26]}
{[%emt 00:01:32]} Rf8 {[%clk 00:07:06]} {[%emt 00:01:57]} 24. Rc8 {[%clk
00:32:09]} {[%emt 00:00:47]} Qb7 {[%clk 00:04:44]} {[%emt 00:02:51]} 25. R1c7
{[%clk 00:31:50]} {[%emt 00:00:50]} 1-0

[Event "European Chess Club Cup 2023"]
[Site "Durres, Albania"]
[Date "2023.10.07"]
[Round "7.45"]
[White "Gengler, Pierre"]
[Black "Pelletier, Yannick"]
[Result "0-1"]
[TimeControl "90' + 30' & 30\""]
[WhiteElo "2130"]
[BlackElo "2514"]

1. g3 {[%clk 01:30:58]} {[%emt 00:00:02]} d5 {[%clk 01:30:30]} {[%emt
00:00:30]} 2. Bg2 {[%clk 01:31:24]} {[%emt 00:00:04]} c6 {[%clk 01:30:03]}
{[%emt 00:00:57]} 3. f4 {[%clk 01:31:30]} {[%emt 00:00:25]} Nf6 {[%clk
01:24:57]} {[%emt 00:05:35]} 4. d3 {[%clk 01:30:35]} {[%emt 00:01:25]} Qb6
{[%clk 01:22:28]} {[%emt 00:03:00]} 5. h3 {[%clk 01:30:10]} {[%emt 00:00:54]}
Nh5 {[%clk 01:17:32]} {[%emt 00:05:26]} 6. g4 {[%clk 01:26:07]} {[%emt
00:04:33]} Ng3 {[%clk 01:17:23]} {[%emt 00:00:38]} 7. d4 {[%clk 01:26:03]}
{[%emt 00:00:35]} Nxh1 {[%clk 01:17:36]} {[%emt 00:00:17]} 8. Bxh1 {[%clk
01:26:30]} {[%emt 00:00:04]} h5 {[%clk 01:15:37]} {[%emt 00:02:28]} 9. Bf3
{[%clk 01:25:52]} {[%emt 00:01:09]} hxg4 {[%clk 01:15:19]} {[%emt 00:00:47]} 10.
hxg4 {[%clk 01:26:17]} {[%emt 00:00:05]} g5 {[%clk 01:03:10]} {[%emt 00:12:39]}
11. e3 {[%clk 01:24:01]} {[%emt 00:02:46]} gxf4 {[%clk 00:56:55]} {[%emt
00:06:45]} 12. exf4 {[%clk 01:24:12]} {[%emt 00:00:20]} Bg7 {[%clk 00:57:22]}
{[%emt 00:00:03]} 13. c3 {[%clk 01:16:57]} {[%emt 00:07:45]} c5 {[%clk
00:56:16]} {[%emt 00:01:36]} 14. dxc5 {[%clk 01:15:42]} {[%emt 00:01:44]} Qxc5
{[%clk 00:55:34]} {[%emt 00:01:12]} 15. Kf1 {[%clk 01:16:09]} {[%emt 00:00:04]}
Rh2 {[%clk 00:50:03]} {[%emt 00:06:01]} 16. Qe1 {[%clk 01:15:31]} {[%emt
00:01:08]} Nc6 {[%clk 00:47:54]} {[%emt 00:02:38]} 17. Qg3 {[%clk 01:15:39]}
{[%emt 00:00:22]} Rxb2 {[%clk 00:45:39]} {[%emt 00:02:46]} 18. Be2 {[%clk
01:15:55]} {[%emt 00:00:14]} Rc2 {[%clk 00:40:24]} {[%emt 00:05:45]} 19. Ba3
{[%clk 01:12:35]} {[%emt 00:03:50]} Qa5 {[%clk 00:40:13]} {[%emt 00:00:41]} 20.
Qd3 {[%clk 01:12:49]} {[%emt 00:00:16]} Bxc3 {[%clk 00:35:16]} {[%emt
00:05:27]} 21. Qxc2 {[%clk 01:13:12]} {[%emt 00:00:06]} Bxa1 {[%clk 00:35:40]}
{[%emt 00:00:06]} 22. Qh7 {[%clk 01:13:29]} {[%emt 00:00:14]} Kf8 {[%clk
00:27:36]} {[%emt 00:08:34]} 23. Nf3 {[%clk 01:10:41]} {[%emt 00:03:17]} Bxg4
{[%clk 00:20:53]} {[%emt 00:07:14]} 24. Ne5 {[%clk 01:06:37]} {[%emt 00:04:34]}
Bxe2+ {[%clk 00:21:18]} {[%emt 00:00:05]} 25. Kxe2 {[%clk 01:06:54]} {[%emt
00:00:13]} Bxe5 {[%clk 00:21:41]} {[%emt 00:00:07]} 26. fxe5 {[%clk 01:07:19]}
{[%emt 00:00:05]} Ke8 {[%clk 00:21:56]} {[%emt 00:00:15]} 27. Qg8+ {[%clk
00:57:07]} {[%emt 00:10:42]} Kd7 {[%clk 00:22:21]} {[%emt 00:00:05]} 28. Qxf7
{[%clk 00:57:29]} {[%emt 00:00:09]} Rh8 {[%clk 00:16:54]} {[%emt 00:05:56]} 29.
Qf5+ {[%clk 00:52:42]} {[%emt 00:05:16]} Kc7 {[%clk 00:16:39]} {[%emt
00:00:45]} 30. Kf2 {[%clk 00:53:08]} {[%emt 00:00:04]} Rh1 {[%clk 00:15:50]}
{[%emt 00:01:19]} 0-1

[Event "European Chess Club Cup 2023"]
[Site "Durres, Albania"]
[Date "2023.10.07"]
[Round "7.46"]
[White "Petkidis, Anthony"]
[Black "Favier, Alain"]
[Result "1-0"]
[TimeControl "90' + 30' & 30\""]
[WhiteElo "2429"]
[BlackElo "2023"]

1. e4 {[%clk 01:30:40]} {[%emt 00:00:18]} c5 {[%clk 01:30:48]} {[%emt
00:00:13]} 2. Nf3 {[%clk 01:30:46]} {[%emt 00:00:24]} d6 {[%clk 01:31:11]}
{[%emt 00:00:07]} 3. d4 {[%clk 01:30:50]} {[%emt 00:00:25]} cxd4 {[%clk
01:31:36]} {[%emt 00:00:07]} 4. Nxd4 {[%clk 01:31:11]} {[%emt 00:00:08]} Nf6
{[%clk 01:32:01]} {[%emt 00:00:06]} 5. Nc3 {[%clk 01:31:24]} {[%emt 00:00:16]}
a6 {[%clk 01:32:26]} {[%emt 00:00:05]} 6. f3 {[%clk 01:30:57]} {[%emt
00:00:57]} e5 {[%clk 01:32:27]} {[%emt 00:00:29]} 7. Nb3 {[%clk 01:31:12]}
{[%emt 00:00:14]} Be6 {[%clk 01:30:06]} {[%emt 00:02:52]} 8. Be3 {[%clk
01:31:30]} {[%emt 00:00:12]} h5 {[%clk 01:30:23]} {[%emt 00:00:13]} 9. Nd5
{[%clk 01:29:55]} {[%emt 00:02:04]} Nxd5 {[%clk 01:27:30]} {[%emt 00:03:24]} 10.
exd5 {[%clk 01:30:09]} {[%emt 00:00:15]} Bf5 {[%clk 01:27:57]} {[%emt
00:00:04]} 11. Bd3 {[%clk 01:30:14]} {[%emt 00:00:24]} Bc8 {[%clk 01:22:07]}
{[%emt 00:06:20]} 12. Qd2 {[%clk 01:24:45]} {[%emt 00:05:59]} Be7 {[%clk
01:18:18]} {[%emt 00:04:20]} 13. O-O-O {[%clk 01:22:44]} {[%emt 00:02:30]} Nd7
{[%clk 01:12:51]} {[%emt 00:05:58]} 14. Kb1 {[%clk 01:19:19]} {[%emt 00:03:54]}
a5 {[%clk 01:11:06]} {[%emt 00:02:15]} 15. a4 {[%clk 01:12:20]} {[%emt
00:07:29]} Kf8 {[%clk 01:06:37]} {[%emt 00:05:00]} 16. Rhf1 {[%clk 01:01:19]}
{[%emt 00:11:31]} Nf6 {[%clk 00:52:53]} {[%emt 00:14:14]} 17. f4 {[%clk
00:58:41]} {[%emt 00:03:08]} e4 {[%clk 00:43:54]} {[%emt 00:09:29]} 18. Bb5
{[%clk 00:58:22]} {[%emt 00:00:48]} Bg4 {[%clk 00:44:00]} {[%emt 00:00:25]} 19.
Rde1 {[%clk 00:58:12]} {[%emt 00:00:40]} h4 {[%clk 00:41:14]} {[%emt 00:03:17]}
20. c4 {[%clk 00:52:29]} {[%emt 00:06:12]} Bf5 {[%clk 00:36:30]} {[%emt
00:05:14]} 21. Nd4 {[%clk 00:50:07]} {[%emt 00:02:52]} Bg6 {[%clk 00:34:23]}
{[%emt 00:02:37]} 22. f5 {[%clk 00:44:51]} {[%emt 00:05:46]} Bh5 {[%clk
00:34:03]} {[%emt 00:00:50]} 23. Rf4 {[%clk 00:44:04]} {[%emt 00:01:17]} Ng4
{[%clk 00:33:09]} {[%emt 00:01:24]} 24. Rxe4 {[%clk 00:42:49]} {[%emt
00:01:44]} Ne5 {[%clk 00:33:16]} {[%emt 00:00:23]} 25. c5 {[%clk 00:39:27]}
{[%emt 00:03:52]} Kg8 {[%clk 00:27:15]} {[%emt 00:06:31]} 26. Bf4 {[%clk
00:37:19]} {[%emt 00:02:38]} f6 {[%clk 00:26:24]} {[%emt 00:01:22]} 27. Ne6
{[%clk 00:33:33]} {[%emt 00:04:16]} Qb8 {[%clk 00:25:56]} {[%emt 00:00:58]} 28.
c6 {[%clk 00:29:33]} {[%emt 00:04:29]} bxc6 {[%clk 00:24:33]} {[%emt 00:01:54]}
29. dxc6 {[%clk 00:29:54]} {[%emt 00:00:09]} Bf7 {[%clk 00:21:51]} {[%emt
00:03:11]} 30. Bxe5 {[%clk 00:27:52]} {[%emt 00:02:33]} fxe5 {[%clk 00:20:11]}
{[%emt 00:02:10]} 31. Rg4 {[%clk 00:25:42]} {[%emt 00:02:40]} Bxe6 {[%clk
00:19:29]} {[%emt 00:01:12]} 32. fxe6 {[%clk 00:25:58]} {[%emt 00:00:13]} Qb6
{[%clk 00:16:48]} {[%emt 00:03:11]} 33. Rf1 {[%clk 00:24:44]} {[%emt 00:01:44]}
Ra7 {[%clk 00:11:49]} {[%emt 00:05:29]} 34. Rf7 {[%clk 00:21:52]} {[%emt
00:03:21]} Bf8 {[%clk 00:10:32]} {[%emt 00:01:48]} 35. Rxa7 {[%clk 00:21:06]}
{[%emt 00:01:16]} Qxa7 {[%clk 00:10:57]} {[%emt 00:00:05]} 36. Qc2 {[%clk
00:21:15]} {[%emt 00:00:21]} Qc7 {[%clk 00:10:00]} {[%emt 00:01:28]} 37. e7
{[%clk 00:21:36]} {[%emt 00:00:09]} 1-0